Prachina Bharatha. (Record no. 100643)
[ view plain ]
| 000 -LEADER | |
|---|---|
| fixed length control field | 02620nam a2200229Ia 4500 |
| 003 - CONTROL NUMBER IDENTIFIER | |
| control field | OSt |
| 005 - DATE AND TIME OF LATEST TRANSACTION | |
| control field | 20260601125352.0 |
| 008 - FIXED-LENGTH DATA ELEMENTS--GENERAL INFORMATION | |
| fixed length control field | 210210b1997 xxu||||| |||| 00| 0 eng d |
| 020 ## - INTERNATIONAL STANDARD BOOK NUMBER | |
| International Standard Book Number | 81 7302 280 1 |
| 040 ## - CATALOGING SOURCE | |
| Transcribing agency | AL |
| 041 ## - LANGUAGE CODE | |
| Language code of text/sound track or separate title | Kannada |
| 082 ## - DEWEY DECIMAL CLASSIFICATION NUMBER | |
| Classification number | 954.01K RAMP |
| 100 ## - MAIN ENTRY--PERSONAL NAME | |
| Personal name | RAM SHARAN SHARMA. |
| Dates associated with a name | ಆರ್ ಎಸ್ ಶರ್ಮ |
| 9 (RLIN) | 264864 |
| 245 ## - TITLE STATEMENT | |
| Title | Prachina Bharatha. |
| Remainder of title | ಪ್ರಾಚೀನ ಭಾರತ. |
| 260 ## - PUBLICATION, DISTRIBUTION, ETC. | |
| Place of publication, distribution, etc. | Bangalore. |
| Name of publisher, distributor, etc. | Navakarnatka Prakashana Pvt Ltd., |
| Date of publication, distribution, etc. | 1997 |
| 300 ## - PHYSICAL DESCRIPTION | |
| Extent | 283 |
| 520 ## - SUMMARY, ETC. | |
| Summary, etc. | ಪ್ರಾಚೀನ ಭಾರತ ಆರ್ ಎಸ್ ಶರ್ಮ ಅವರು ಬರೆದ ಪುಸ್ತಕ. ಕನ್ನಡಕ್ಕೆ ಅನುವಾದ : ಎನ್ ಪಿ ಶಂಕರನಾರಾಯಣ ರಾವ್.<br/><br/>ಒಂದು ದೇಶದ ಇತಿಹಾಸವೆಂದರೆ, ಆ ದೇಶವನ್ನು ಆಳಿದ ರಾಜವಂಶಗಳ, ಅವು ನಡೆಸಿದ ದಂಡಯಾತ್ರೆಗಳ, ಸಣ್ಣಪುಟ್ಟ ಯುದ್ಧಗಳ ಅಥವಾ ಅವುಗಳ ಸೋಲು-ಗೆಲುವು, ಅಳಿವು-ಉಳಿವುಗಳ ವರದಿಯಷ್ಟೇ ಅಲ್ಲ. ಇತಿಹಾಸವೆಂದರೆ ಸರಿಯಾದ ಆಧಾರವಿಲ್ಲದ ಕಾಲ್ಪನಿಕ ಭವ್ಯ ಚಿತ್ರಣವೂ ಅಲ್ಲ. ಇತಿಹಾಸದ ಅವಧಿಯಲ್ಲಿ ಅಲ್ಲಿ ಬದುಕಿದ ಜನರ ಜೀವನ, ಅಲ್ಲಿನ ಆರ್ಥಿಕ ಪರಿಸ್ಥಿತಿ, ಪರದೇಶಗಳೊಂದಿಗಿನ ವಾಣಿಜ್ಯ-ಆರ್ಥಿಕ ಸಂಬಂಧಗಳು, ನಾನಾ ಕಾರಣಗಳಿಂದ ವಲಸೆ ಬಂದು ಅಲ್ಲಿ ನೆಲಸಿದ ಇತರ ಜನರು, ಅಲ್ಲಿ ಹುಟ್ಟಿದ ಮತ ಧಾರ್ಮಿಕ ಚಳವಳಿಗಳು ಹಾಗೂ ಪಂಥಗಳು ಇತಿಹಾಸವನ್ನು ರೂಪಿಸುವುದರಲ್ಲಿ ಮುಖ್ಯ ಪಾತ್ರವಹಿಸುತ್ತವೆ ಎಂಬುದನ್ನು ಮರೆಯಬಾರದು. ಇತಿಹಾಸ ಬೆಸೆದ ಕೊಂಡಿಗಳ ಮೂಲಕ ಇಂದಿನ ಆಗುಹೋಗುಗಳನ್ನು ಅರ್ಥ ಮಾಡಿಕೊಳ್ಳುವುದಕ್ಕೆ ಅಂತೆಯೇ ಭವಿಷಯವನ್ನು ರೂಪಿಸುವುದಕ್ಕೆ, ಇತಿಹಾಸದ ವಸ್ತುನಿಷ್ಠ ಅಧ್ಯಯನ ನೆರವಾಗುತ್ತದೆ. |
| 690 ## - LOCAL SUBJECT ADDED ENTRY--TOPICAL TERM (OCLC, RLIN) | |
| Topical term or geographic name as entry element | Indian History |
| 9 (RLIN) | 264865 |
| 700 ## - ADDED ENTRY--PERSONAL NAME | |
| Personal name | Shankara Narayana Rav (N P) |
| Dates associated with a name | ಶಂಕರ ನಾರಾಯಣ ರಾವ್ (ಎನ್ ಪಿ) tr |
| 9 (RLIN) | 264866 |
| 906 ## - LOCAL DATA ELEMENT F, LDF (RLIN) | |
| a | 052417 |
| 942 ## - ADDED ENTRY ELEMENTS (KOHA) | |
| Source of classification or shelving scheme | Dewey Decimal Classification |
| Koha item type | Book |
| Withdrawn status | Lost status | Source of classification or shelving scheme | Damaged status | Not for loan | Collection code | Home library | Current library | Shelving location | Date acquired | Cost, normal purchase price | Total Checkouts | Full call number | Barcode | Date last seen | Price effective from | Koha item type |
|---|---|---|---|---|---|---|---|---|---|---|---|---|---|---|---|---|
| Dewey Decimal Classification | History | St Aloysius Library | St Aloysius Library | 02/17/2021 | 95.00 | 954.01K RAMP | 052417 | 02/17/2021 | 02/17/2021 | Book |